000 00522nam a2200229Ia 4500
008 210210b1988 xxu||||| |||| 00| 0 eng d
020 _a0 07 Y85106 9
082 _a658 DALM
100 _aDALE (Ernest).
245 _aManagement: theory and practice Ed 4
250 _a
260 _aLondon.
_bMcGraw Hill Book Co.
_c1988
300 _axii,656
650 _atheory
650 _apractice
650 _aManagement:
650 _aEd
650 _aand
650 _a4
690 _aManagement
906 _a040694
999 _c90737
_d90737